000 00482nam a2200157 i 4500
001 104357
003 ES-MaACL
005 20230906183559.0
007 t|
008 051128s1971 sp ||||1| spa d
100 1 _aMillán Teja, Salvador.
_981158
245 1 0 _aAutomatización
_b: técnica de los circuitos neumáticos /
_cSalvador Millán Teja.
260 _aMadrid :
_bIndex,
_c1971.
300 _a228 p. con 6 lám. :
_bil. ;
_c21 cm.
852 _aES-MaACL
_jC-52433
_bR.85853
999 _c104357
_d104357